000 00612nam a2200181Ia 4500
008 100920s9999 xx 000 0 und d
082 _b8931
_a891.43 थ 55
100 _aआनन्दकुमार.
245 _aभारतीय कथाएँ.
260 _bराजपाल एण्ड सन्स ,कश्मीरी गेट, दिल्ली.
_c1951
300 _a94
_bसाधी
365 _b1.25
520 _aहिंदी.
630 _aभारतीय कथाएँ.
650 _aहिंदी.
730 _aभारतीय कथाएँ.
942 _cBOOK
999 _c676075
_d676072